000 00292nam a2200109Ia 4500
008 200302s9999 xx 000 0 und d
100 _aJ. P. M. Pannell
245 _aMan the Builder An Illustrated History of Engineering
260 _bThames and Hudson Ltd.
260 _c1977
300 _a252 P.,
999 _c151
_d151